La guerra del fin del mundo

Kaydedildi:
Detaylı Bibliyografya
Yazar: Vargas Llosa, Mario (Yazar)
Materyal Türü: Kitap
Dil:İspanyolca
Baskı/Yayın Bilgisi: Santiago Seix Barral 1985
Edisyon:1a. ed
Seri Bilgileri:Literatura Contemporánea, 5
Konular:
Etiketler: Etiketle
Etiket eklenmemiş, İlk siz ekleyin!

MARC

LEADER 00000cam a2200000 a 4500
001 UCE9447
003 CL-VaPUC
008 151022e19850000cl |||||||||||||||||spa|d
082 0 4 |a 863  |b VAR  |2 21 
100 0 |a Vargas Llosa, Mario  |e author  |9 318800 
245 1 3 |a La guerra del fin del mundo 
250 |a 1a. ed 
300 |a 525 p 
942 |c BK 
945 |d 20151022 17:18:00  |a dcastane 
260 |a Santiago  |b Seix Barral  |c 1985 
650 0 |a Narrativa hispanoamericana  |9 552155 
650 7 |a NOVELA PERUANAS  |2 CL-VaPUC  |9 322919 
583 |a last modification  |c 20151022 17:18:00  |k Rodrigo Vera 
490 0 |a Literatura Contemporánea, 5 
999 |c 361111  |d 361109 
952 |0 0  |1 0  |3 erb  |4 0  |6 863_000000000000000_VAR_1985  |7 0  |8 C  |9 471443  |a BIBCUR  |b BIBCUR  |i 520593K  |o 863 VAR 1985  |p 520593K  |r 2025-04-22  |w 2019-11-24  |y BK  |z Catalogado en:20151022  |k CAC